| 000 | 00625nam a2200217Ia 4500 | ||
|---|---|---|---|
| 005 | 20230102114357.0 | ||
| 008 | 131103s9999 xx 000 0 und d | ||
| 020 | _a0415067820(pbk) | ||
| 040 | _aLoreto College | ||
| 041 | _aEnglish | ||
| 082 |
_a822.09 _bHAR |
||
| 100 | _aHarris, John Wesley | ||
| 245 |
_aMedieval theatre in context _b an introduction _cJohn Wesley Harris |
||
| 260 |
_aLondon _bRoutledge _c1992 |
||
| 300 | _ax,213 p. | ||
| 504 | _aIncludes bibliographical references and index | ||
| 650 | _aEnglish Drama | ||
| 651 | _aDrama - Medieval - History & Criticism | ||
| 850 | _aLCLIB | ||
| 942 | _cBK | ||
| 999 |
_c6699 _d57178 |
||